| 000 | 00621nam a2200181 i 4500 | ||
|---|---|---|---|
| 001 | 78774 | ||
| 003 | ES-MaACL | ||
| 005 | 20230906173817.0 | ||
| 007 | t| | ||
| 008 | 041015s1908 xxa ||||1| eng d | ||
| 110 | 2 |
_aNational Gallery of Victoria. _9153527 |
|
| 245 | 1 | 0 |
_aIillustrated catalogue of the National Gallery / _c[L. Bernard Hall]. |
| 260 |
_aMelbourne : _bThe Trustees of The Public Library, Museus, and National Gallery of Victoria, _c1908. |
||
| 300 |
_a189 p. : _bil. ; _c22 cm. |
||
| 610 | 2 |
_aNational Gallery of Victoria. _9153527 |
|
| 700 | 0 |
_aHall, L. Bernard. _961571 |
|
| 852 |
_aES-MaACL _jT-1203-F-3 |
||
| 999 |
_c78774 _d78774 |
||